[Event "Mallorca-ch1 0102"]
[Site "Palma de Mallorca"]
[Date "2001.10.20"]
[Round "2"]
[White "Duro Contreras, Juan Jesus"]
[Black "Trillo Figueroa Vidal, Antonio"]
[Result "1-0"]
[WhiteElo "2038"]
[BlackElo "1939"]
[PlyCount "85"]
[EventDate "2001.10.06"]
[EventType "swiss"]
[EventRounds "8"]
[EventCountry "ESP"]
[SourceTitle "EXT 2003"]
[Source "ChessBase"]
[SourceDate "2002.11.25"]
[SourceVersion "1"]
[SourceVersionDate "2002.11.25"]
[SourceQuality "1"]

1. e4 c5 2. Bc4 e6 3. Nc3 Nc6 4. Nf3 a6 5. a4 Qc7 6. d3 Nf6 7. Qe2 d6 8. 0-0 Be7 9. Bf4 0-0 10. e5 Ne8 11. exd6 Bxd6 12. Bxd6 Nxd6 13. Bb3 Nf5 14. Qd1 b6 15. Ne4 Rd8 16. c3 Na5 17. Bc2 Bb7 18. Qe2 Qf4 19. Nfd2 Rac8 20. g3 Qh6 21. f4 Bd5 22. Rae1 Nb7 23. Nf3 c4 24. d4 Ne7 25. Neg5 g6 26. Ne5 Nd6 27. h4 f6 28. Ng4 Qg7 29. Nxe6 Bxe6 30. Qxe6+ Kf8 31. Nxf6 Nef5 32. h5 gxh5 33. Nxh5 Qg6 34. Bxf5 Nxf5 35. Qxg6 hxg6 36. Re5 Nxd4 37. Nf6 Nf5 38. g4 Ne7 39. Nh7+ Kf7 40. Ng5+ Kf6 41. Re6+ Kg7 42. Rxe7+ Kg8 43. Rf2 1-0